[Event "ESP-chT CECLUB Div2"]
[Site "Ciudad Real"]
[Date "2013.08.11"]
[Round "6.1"]
[White "Rivas Pastor, Manuel"]
[Black "Milchev, Nikolay"]
[Result "0-1"]
[WhiteElo "2557"]
[BlackElo "2436"]
[PlyCount "48"]
[EventDate "2013.08.07"]
[EventType "team-swiss"]
[EventRounds "6"]
[EventCountry "ESP"]
[SourceTitle "CBM 155 Extra"]
[Source "ChessBase"]
[SourceDate "2013.08.26"]
[SourceVersion "1"]
[SourceVersionDate "2013.08.26"]
[SourceQuality "1"]
[WhiteTeam "Albox Reverte"]
[BlackTeam "Silla"]
[WhiteTeamCountry "ESP"]
[BlackTeamCountry "ESP"]

1. d4 Nf6 2. c4 c5 3. Nf3 g6 4. Nc3 Bg7 5. e4 0-0 6. Be2 d6 7. 0-0 Bg4 8. d5 b5 9. cxb5 a6 10. bxa6 Nxa6 11. Bf4 Qb6 12. Rb1 Bxf3 13. Bxf3 Nd7 14. Qd2 Rfb8 15. b3 Qa5 16. Rfc1 Nc7 17. a4 Qb4 18. Bh6 Bxc3 19. Rxc3 Rxa4 20. Qc1 Ra2 21. Rc4 Qa3 22. Qg5 Na6 23. b4 Ne5 24. Qxe7 Nxc4 0-1

[Event "ESP-chT CECLUB Honor"]
[Site "Melilla"]
[Date "2011.11.26"]
[Round "7"]
[White "Rivas Pastor, Manuel"]
[Black "Delchev, Aleksander"]
[Result "1-0"]
[WhiteElo "2556"]
[BlackElo "2629"]
[PlyCount "57"]
[EventDate "2011.11.21"]
[EventType "team-tourn"]
[EventRounds "7"]
[EventCountry "ESP"]
[SourceTitle "CBM 146"]
[Source "ChessBase"]
[SourceDate "2012.01.18"]
[SourceVersion "1"]
[SourceVersionDate "2012.01.18"]
[SourceQuality "1"]
[WhiteTeam "Reverte Albox"]
[BlackTeam "Solvay"]
[WhiteTeamCountry "ESP"]
[BlackTeamCountry "ESP"]

1. d4 Nf6 2. Nf3 g6 3. Nbd2 d5 4. e3 Bg7 5. Be2 c5 6. dxc5 Nfd7 7. Nb3 Nxc5 8. Nxc5 Qa5+ 9. Nd2 Qxc5 10. Nb3 Qc6 11. Na5 Qd7 12. c4 b6 13. Bf3 bxa5 14. Qxd5 Nc6 15. Qxc6 Rb8 16. Qxd7+ Bxd7 17. Rb1 0-0 18. Be4 Rfc8 19. b3 Bc6 20. Bxc6 Rxc6 21. Ke2 Rxc4 22. bxc4 Rxb1 23. Rd1 Ra1 24. Rd8+ Bf8 25. Kd1 e5 26. Kc2 Rxa2+ 27. Kb3 Ra1 28. Bb2 a4+ 29. Kc2 1-0

[Event "ESP-chT CECLUB Honor"]
[Site "Melilla"]
[Date "2011.11.21"]
[Round "1"]
[White "Edouard, Romain"]
[Black "Rivas Pastor, Manuel"]
[Result "1/2-1/2"]
[WhiteElo "2621"]
[BlackElo "2556"]
[PlyCount "96"]
[EventDate "2011.11.21"]
[EventType "team-tourn"]
[EventRounds "7"]
[EventCountry "ESP"]
[SourceTitle "CBM 146"]
[Source "ChessBase"]
[SourceDate "2012.01.18"]
[SourceVersion "1"]
[SourceVersionDate "2012.01.18"]
[SourceQuality "1"]
[WhiteTeam "Sestao"]
[BlackTeam "Reverte Albox"]
[WhiteTeamCountry "ESP"]
[BlackTeamCountry "ESP"]

1. d4 Nf6 2. c4 e6 3. Nf3 Bb4+ 4. Nc3 b6 5. e3 Bxc3+ 6. bxc3 d6 7. Bd3 Qe7 8. Nd2 Nc6 9. 0-0 e5 10. Ne4 Na5 11. f4 Nxe4 12. Bxe4 c6 13. fxe5 dxe5 14. Qc2 h6 15. a4 Qc7 16. c5 Be6 17. c4 Nxc4 18. Bd3 b5 19. axb5 cxb5 20. Be4 Rd8 21. Qb1 0-0 22. Qxb5 exd4 23. exd4 Rxd4 24. Bf4 Qd8 25. Rae1 Nd2 26. Bxd2 Rxd2 27. Kh1 Qd4 28. Rg1 Bd5 29. Bxd5 Qxd5 30. Ra1 Rc8 31. Rxa7 Rxc5 32. Qe8+ Kh7 33. Qxf7 Rxg2 34. Qxd5 Rxg1+ 35. Kxg1 Rxd5 36. Kg2 Kg6 37. Ra3 Rg5+ 38. Kh3 Kh5 39. Rb3 Rg1 40. Rb5+ Rg5 41. Rb3 Re5 42. Rg3 g5 43. Ra3 Re4 44. Rb3 Rh4+ 45. Kg2 Rg4+ 46. Kh3 Rg1 47. Rb4 g4+ 48. Rxg4 Rxg4 1/2-1/2

[Event "Bayern-chI Bank Hofmann 15th"]
[Site "Bad Wiessee"]
[Date "2011.11.04"]
[Round "7"]
[White "Negi, Parimarjan"]
[Black "Rivas Pastor, Manuel"]
[Result "1-0"]
[WhiteElo "2631"]
[BlackElo "2559"]
[PlyCount "64"]
[EventDate "2011.10.29"]
[EventType "swiss"]
[EventRounds "9"]
[EventCountry "GER"]
[SourceTitle "EXT 2012"]
[Source "ChessBase"]
[SourceDate "2011.11.24"]
[SourceVersion "1"]
[SourceVersionDate "2011.11.24"]
[SourceQuality "1"]

1. e4 e5 2. Nf3 Nc6 3. Bb5 Nf6 4. 0-0 d6 5. Re1 Bd7 6. c3 Be7 7. d4 0-0 8. Ba4 h6 9. Nbd2 Re8 10. Nf1 Bf8 11. Ng3 a5 12. a3 Rb8 13. h3 b5 14. Bc2 a4 15. Nh2 Na5 16. f4 Nc4 17. Rb1 c5 18. dxe5 dxe5 19. f5 b4 20. Ng4 b3 21. Nxf6+ Qxf6 22. Bd3 Bb5 23. Bf1 Qh4 24. Qf3 Red8 25. Be3 Nxe3 26. Qxe3 Bxf1 27. Nxf1 c4 28. Red1 Rbc8 29. Kh2 Bc5 30. Rxd8+ Qxd8 31. Qe2 Ba7 32. Rd1 Qb6 1-0

[Event "Bayern-chI Bank Hofmann 15th"]
[Site "Bad Wiessee"]
[Date "2011.11.01"]
[Round "4"]
[White "Rivas Pastor, Manuel"]
[Black "Zude, Arno"]
[Result "1-0"]
[WhiteElo "2559"]
[BlackElo "2431"]
[PlyCount "65"]
[EventDate "2011.10.29"]
[EventType "swiss"]
[EventRounds "9"]
[EventCountry "GER"]
[SourceTitle "EXT 2012"]
[Source "ChessBase"]
[SourceDate "2011.11.24"]
[SourceVersion "1"]
[SourceVersionDate "2011.11.24"]
[SourceQuality "1"]

1. d4 Nf6 2. c4 e6 3. Nf3 Bb4+ 4. Bd2 Qe7 5. g3 Nc6 6. Bg2 Bxd2+ 7. Nbxd2 0-0 8. 0-0 d6 9. e4 e5 10. d5 Nb8 11. Ne1 a5 12. b3 Na6 13. a3 Bg4 14. f3 Bd7 15. Rf2 c6 16. Bf1 Rfb8 17. Nc2 cxd5 18. cxd5 b5 19. b4 Qd8 20. Nb3 axb4 21. axb4 Qb6 22. Kg2 Bh3+ 23. Kg1 Bd7 24. Qd2 Rc8 25. Kg2 Ne8 26. Bd3 Nac7 27. Na5 Ra7 28. Rff1 Na8 29. Na3 Rac7 30. Qe2 Rb8 31. Rfc1 Qd4 32. Qd2 Nb6 33. Nb3 1-0

[Event "Bayern-chI Bank Hofmann 15th"]
[Site "Bad Wiessee"]
[Date "2011.10.31"]
[Round "3"]
[White "Seyb, Dieter"]
[Black "Rivas Pastor, Manuel"]
[Result "0-1"]
[WhiteElo "2252"]
[BlackElo "2559"]
[PlyCount "48"]
[EventDate "2011.10.29"]
[EventType "swiss"]
[EventRounds "9"]
[EventCountry "GER"]
[SourceTitle "EXT 2012"]
[Source "ChessBase"]
[SourceDate "2011.11.24"]
[SourceVersion "1"]
[SourceVersionDate "2011.11.24"]
[SourceQuality "1"]

1. Nc3 d5 2. d4 g6 3. Bf4 Bg7 4. Qd2 c6 5. Nf3 Bf5 6. h3 Nf6 7. g4 Ne4 8. Qe3 Nxc3 9. gxf5 Ne4 10. fxg6 hxg6 11. 0-0-0 Nd7 12. Ne5 Nxe5 13. dxe5 Qb6 14. Rd4 f6 15. Ra4 Qxe3+ 16. Bxe3 fxe5 17. Rxa7 Rxa7 18. Bxa7 d4 19. Rg1 Bh6+ 20. Kb1 Nxf2 21. Rxg6 Kf7 22. Rg3 Ne4 23. Ra3 Nd2+ 24. Ka1 Rg8 0-1

[Event "Salou op 13th"]
[Site "Salou"]
[Date "2011.05.07"]
[Round "5"]
[White "Hamdouchi, Adina Maria"]
[Black "Rivas Pastor, Manuel"]
[Result "0-1"]
[WhiteElo "2293"]
[BlackElo "2533"]
[PlyCount "74"]
[EventDate "2011.05.04"]
[EventType "swiss"]
[EventRounds "9"]
[EventCountry "ESP"]
[SourceTitle "CBM 142 Extra"]
[Source "ChessBase"]
[SourceDate "2011.06.27"]
[SourceVersion "1"]
[SourceVersionDate "2011.06.27"]
[SourceQuality "1"]

1. Nf3 d5 2. g3 Bg4 3. Bg2 e6 4. 0-0 Nf6 5. d3 Be7 6. Nbd2 0-0 7. h3 Bh5 8. e4 h6 9. Qe2 Nbd7 10. e5 Ne8 11. g4 Bg6 12. Nh2 c5 13. f4 Bh7 14. f5 Qc7 15. f6 gxf6 16. Ndf3 Nxe5 17. Bxh6 Ng7 18. Rae1 Ng6 19. g5 f5 20. c4 dxc4 21. dxc4 Rfd8 22. Bxg7 Kxg7 23. h4 Qg3 24. Qf2 Qxf2+ 25. Rxf2 Bd6 26. Nf1 Nf4 27. Rd1 Nxg2 28. Kxg2 Bf4 29. Re1 Bg6 30. Ng3 Rd3 31. Ne2 Bc7 32. Nc1 Rd7 33. Ne5 Bxe5 34. Rxe5 Rh8 35. Rf4 Rd2+ 36. Re2 Rxe2+ 37. Nxe2 e5 0-1

[Event "Malaga op 14th"]
[Site "Malaga"]
[Date "2011.05.02"]
[Round "5"]
[White "Rivas Pastor, Manuel"]
[Black "Guadamuro Torrente, Anabel"]
[Result "1-0"]
[WhiteElo "2533"]
[BlackElo "2167"]
[PlyCount "55"]
[EventDate "2011.04.29"]
[EventType "swiss"]
[EventRounds "7"]
[EventCountry "ESP"]
[SourceTitle "CBM 142 Extra"]
[Source "ChessBase"]
[SourceDate "2011.06.27"]
[SourceVersion "1"]
[SourceVersionDate "2011.06.27"]
[SourceQuality "1"]

1. d4 d5 2. c4 c6 3. Nf3 Nf6 4. Qc2 a6 5. Bf4 g6 6. e3 Bg7 7. Bd3 e6 8. Nbd2 Nbd7 9. 0-0 0-0 10. h3 Re8 11. b4 dxc4 12. Nxc4 Nd5 13. Bd6 N7b6 14. Nxb6 Nxb6 15. Bg3 Nd5 16. Rab1 Ne7 17. Rfd1 Nf5 18. Bf4 Nh4 19. Ne5 Qe7 20. e4 f6 21. Nc4 e5 22. Bg3 g5 23. Bxh4 gxh4 24. d5 Bd7 25. Nb6 Rad8 26. Bc4 Kh8 27. d6 Qf8 28. Qb3 1-0

[Event "Malaga op 14th"]
[Site "Malaga"]
[Date "2011.05.02"]
[Round "6"]
[White "Terron Elena, Francisco Miguel"]
[Black "Rivas Pastor, Manuel"]
[Result "0-1"]
[WhiteElo "2301"]
[BlackElo "2533"]
[PlyCount "102"]
[EventDate "2011.04.29"]
[EventType "swiss"]
[EventRounds "7"]
[EventCountry "ESP"]
[SourceTitle "CBM 142 Extra"]
[Source "ChessBase"]
[SourceDate "2011.06.27"]
[SourceVersion "1"]
[SourceVersionDate "2011.06.27"]
[SourceQuality "1"]

1. d4 Nf6 2. Nf3 e6 3. e3 b6 4. Bd3 Bb7 5. c4 d5 6. 0-0 dxc4 7. Bxc4 Nbd7 8. Nc3 a6 9. a4 Bd6 10. Qe2 c5 11. Rd1 0-0 12. d5 exd5 13. Nxd5 Nxd5 14. Bxd5 Bxd5 15. Rxd5 Nf6 16. Rd1 Ne4 17. Nd2 Nxd2 18. Bxd2 Qc7 19. h3 Bh2+ 20. Kh1 Be5 21. Be1 Qc6 22. Bc3 Bxc3 23. bxc3 g6 24. Qc4 Rfc8 25. Rab1 Qf6 26. Rd2 Rc6 27. Rbd1 Kg7 28. Kg1 Rb8 29. Rd7 b5 30. Qd5 Rbc8 31. axb5 axb5 32. Rb7 R6c7 33. Rxb5 Qxc3 34. Rb7 Qf6 35. Rxc7 Rxc7 36. Rc1 Qc6 37. Qxc6 Rxc6 38. Kf1 Kf6 39. Ke2 Ke5 40. Kd3 Rd6+ 41. Kc3 f5 42. Ra1 Rd7 43. h4 f4 44. exf4+ Kxf4 45. Ra5 Rc7 46. Kc4 Kg4 47. Rxc5 Rf7 48. g3 Rxf2 49. Rg5+ Kh3 50. Ra5 Kxg3 51. h5 Rf4+ 0-1

[Event "Malaga op 14th"]
[Site "Malaga"]
[Date "2011.05.01"]
[Round "3"]
[White "Rivas Pastor, Manuel"]
[Black "Gemy Vargas, Jose Daniel"]
[Result "1/2-1/2"]
[WhiteElo "2533"]
[BlackElo "2288"]
[PlyCount "108"]
[EventDate "2011.04.29"]
[EventType "swiss"]
[EventRounds "7"]
[EventCountry "ESP"]
[SourceTitle "CBM 142 Extra"]
[Source "ChessBase"]
[SourceDate "2011.06.27"]
[SourceVersion "1"]
[SourceVersionDate "2011.06.27"]
[SourceQuality "1"]

1. e4 e6 2. d3 c5 3. Nf3 Nc6 4. g3 g6 5. Bg2 Bg7 6. 0-0 Nge7 7. Re1 d6 8. a3 e5 9. c3 0-0 10. b4 b6 11. Nbd2 h6 12. Bb2 Be6 13. Rb1 Rc8 14. d4 exd4 15. cxd4 cxd4 16. Nb3 Ne5 17. Nbxd4 Bc4 18. Re3 Ng4 19. Rc3 d5 20. exd5 Nxd5 21. Rc2 Nde3 22. fxe3 Nxe3 23. Qe1 Nxc2 24. Nxc2 Re8 25. Qc1 Bd3 26. Bxg7 Kxg7 27. Qb2+ Qf6 28. Ncd4 Bxb1 29. Qxb1 Rc4 30. Qd3 Rc1+ 31. Bf1 Rd8 32. Kg2 Rc7 33. Qe3 Re7 34. Qf4 Qxf4 35. gxf4 Re3 36. a4 Ra3 37. Bb5 a6 38. Bxa6 Rxa4 39. Nc6 Rd6 40. Bb5 Ra2+ 41. Kg3 Rc2 42. Nce5 Rc3 43. Be2 Rd8 44. b5 Rc2 45. Bc4 f6 46. Nc6 Rxc4 47. Nxd8 Rb4 48. Nd4 f5 49. N8c6 Rb2 50. h4 Kf6 51. Kf3 Rh2 52. Kg3 Rb2 53. Kf3 Rh2 54. Kg3 Rb2 1/2-1/2

[Event "Jaen op 21st"]
[Site "Jaen"]
[Date "2011.02.06"]
[Round "8"]
[White "Rivas Pastor, Manuel"]
[Black "Georgiev, Kiril"]
[Result "1/2-1/2"]
[WhiteElo "2533"]
[BlackElo "2669"]
[PlyCount "183"]
[EventDate "2011.02.06"]
[EventType "swiss (rapid)"]
[EventRounds "9"]
[EventCountry "ESP"]
[SourceTitle "CBM 140 Extra"]
[Source "ChessBase"]
[SourceDate "2011.03.01"]
[SourceVersion "1"]
[SourceVersionDate "2011.03.01"]
[SourceQuality "1"]

1. d4 Nf6 2. c4 c5 3. d5 e5 4. Nc3 d6 5. e4 Be7 6. Be2 Nbd7 7. Be3 Nf8 8. g3 Ng6 9. h4 h5 10. f3 Bd7 11. Nh3 a6 12. a4 Rb8 13. a5 b6 14. axb6 Rxb6 15. b3 Qb8 16. Ra3 0-0 17. Nf2 Qb7 18. Bd3 Rb8 19. Bc2 Bd8 20. Kf1 Qc8 21. Kg2 Ne8 22. Bd2 Ne7 23. Qe2 g6 24. Na4 R6b7 25. Nc3 a5 26. Nh3 Ng7 27. Nd1 Ra8 28. Qe1 Rba7 29. Nc3 Qb8 30. Na4 Ne8 31. Nc3 Nc8 32. Qe2 Nc7 33. Rha1 Na6 34. Nf2 Nb4 35. Bd1 Nb6 36. Na4 Nc8 37. Nd3 Be8 38. Nc3 Rb7 39. Ne1 Nb6 40. Na4 Nxa4 41. bxa4 f5 42. Nd3 Bf6 43. Nf2 f4 44. Nh3 Qd8 45. Rb1 Rab8 46. gxf4 exf4 47. Nxf4 Bf7 48. Kf1 Bxh4 49. Qg2 Qf6 50. Nxh5 Qd4 51. Nf4 Nxd5 52. Rxb7 Nxf4 53. Rxb8+ Kh7 54. Rh8+ Kxh8 55. Bc3 Bxc4+ 56. Be2 Nxg2 57. Bxd4+ cxd4 58. Bxc4 Ne3+ 59. Rxe3 dxe3 60. Ke2 Bg5 61. Bb5 Kg7 62. Bc6 Kf6 63. Bb5 Bf4 64. Be8 g5 65. Bc6 Ke5 66. Bb5 Kd4 67. Bc6 Kc4 68. Bb5+ Kc5 69. Bd7 Kd4 70. Bc8 Ke5 71. Bd7 Kd4 72. Bc8 Be5 73. Bd7 Bf6 74. Bc8 Bd8 75. Bd7 Bb6 76. Bc8 Ke5 77. Bd7 Kf4 78. Bc8 Bc5 79. Bd7 Ke5 80. Bc8 Kd4 81. Bd7 Kc4 82. Bc8 Kb4 83. Bd7 Kb3 84. Be8 Kc3 85. Bd7 Kd4 86. Bc8 Bb6 87. Bd7 d5 88. exd5 Kxd5 89. Bb5 Kd4 90. Bc6 Bc7 91. Bd7 Bf4 92. Be8 1/2-1/2

[Event "Jaen op 21st"]
[Site "Jaen"]
[Date "2011.02.06"]
[Round "6"]
[White "Rivas Pastor, Manuel"]
[Black "Guerra Bastida, Diego"]
[Result "1-0"]
[WhiteElo "2533"]
[BlackElo "2413"]
[PlyCount "95"]
[EventDate "2011.02.06"]
[EventType "swiss (rapid)"]
[EventRounds "9"]
[EventCountry "ESP"]
[SourceTitle "CBM 140 Extra"]
[Source "ChessBase"]
[SourceDate "2011.03.01"]
[SourceVersion "1"]
[SourceVersionDate "2011.03.01"]
[SourceQuality "1"]

1. d4 d5 2. c4 c6 3. Nf3 Nf6 4. Qc2 dxc4 5. Qxc4 Bf5 6. g3 e6 7. Bg2 Nbd7 8. 0-0 Be7 9. Rd1 0-0 10. e3 Ne4 11. Qe2 Qc7 12. Ne1 Bg6 13. Nd3 c5 14. Nf4 Ndf6 15. f3 Nd6 16. Nxg6 hxg6 17. e4 Nd7 18. Be3 cxd4 19. Bxd4 Rfd8 20. Nc3 Rac8 21. Rac1 a6 22. Nd5 exd5 23. Rxc7 Rxc7 24. exd5 Bf6 25. Bxf6 Nxf6 26. f4 Re8 27. Qf2 Rce7 28. Bf3 Nd7 29. Rd2 b6 30. Re2 Rxe2 31. Bxe2 Ne4 32. Qd4 Nxg3 33. hxg3 Rxe2 34. d6 Re6 35. Qd5 b5 36. Qc6 Nf6 37. Qc8+ Kh7 38. d7 Nxd7 39. Qxd7 Re2 40. Qd4 f5 41. a3 Re4 42. Qb6 Re2 43. b4 Kh6 44. Qxa6 Kh5 45. Qxb5 Rb2 46. Qd3 Kg4 47. b5 Kh3 48. a4 1-0

[Event "Bayern-chI Bank Hofmann 14th"]
[Site "Bad Wiessee"]
[Date "2010.11.07"]
[Round "9"]
[White "Rivas Pastor, Manuel"]
[Black "Ringoir, Tanguy"]
[Result "1-0"]
[WhiteElo "2529"]
[BlackElo "2379"]
[PlyCount "49"]
[EventDate "2010.10.30"]
[EventType "swiss"]
[EventRounds "9"]
[EventCountry "GER"]
[SourceTitle "EXT 2011"]
[Source "ChessBase"]
[SourceDate "2010.11.26"]
[SourceVersion "1"]
[SourceVersionDate "2010.11.26"]
[SourceQuality "1"]

1. c4 c5 2. Nc3 Nc6 3. Nf3 g6 4. e3 Bg7 5. d4 d6 6. Be2 Nf6 7. d5 Ne5 8. Nxe5 dxe5 9. e4 0-0 10. Be3 b6 11. a3 a5 12. 0-0 Ne8 13. b4 axb4 14. axb4 Rxa1 15. Qxa1 cxb4 16. Na4 b5 17. cxb5 Nd6 18. Nc5 f5 19. Qa4 f4 20. Bd2 g5 21. Qxb4 g4 22. b6 f3 23. Bd1 Nb7 24. Nxb7 Bxb7 25. Ba4 1-0

[Event "Bayern-chI Bank Hofmann 14th"]
[Site "Bad Wiessee"]
[Date "2010.10.31"]
[Round "2"]
[White "Hornung, Hans"]
[Black "Rivas Pastor, Manuel"]
[Result "1/2-1/2"]
[WhiteElo "2140"]
[BlackElo "2529"]
[PlyCount "51"]
[EventDate "2010.10.30"]
[EventType "swiss"]
[EventRounds "9"]
[EventCountry "GER"]
[SourceTitle "EXT 2011"]
[Source "ChessBase"]
[SourceDate "2010.11.26"]
[SourceVersion "1"]
[SourceVersionDate "2010.11.26"]
[SourceQuality "1"]

1. Nf3 Nf6 2. c4 b6 3. Nc3 c5 4. e4 Bb7 5. e5 Ne4 6. Bd3 Nxc3 7. dxc3 g6 8. Bf4 Bg7 9. Qe2 Bxf3 10. gxf3 Nc6 11. Bg3 h5 12. Qe4 e6 13. h4 Qc7 14. f4 Bh6 15. Rd1 Rd8 16. Bc2 Ne7 17. Qe2 Bf8 18. 0-0 Nf5 19. Ba4 Be7 20. Rxd7 Rxd7 21. Rd1 0-0 22. Rxd7 Qc8 23. Qd1 Rd8 24. Rxd8+ Qxd8 25. Qxd8+ Bxd8 26. Kg2 1/2-1/2

[Event "La Laguna op 4th"]
[Site "La Laguna"]
[Date "2010.04.07"]
[Round "3"]
[White "Rivas Pastor, Manuel"]
[Black "Diamant, Andre"]
[Result "0-1"]
[WhiteElo "2544"]
[BlackElo "2486"]
[PlyCount "64"]
[EventDate "2010.04.05"]
[EventType "swiss"]
[EventRounds "9"]
[EventCountry "ESP"]
[SourceTitle "CBM 135 Extra"]
[Source "ChessBase"]
[SourceDate "2010.05.04"]
[SourceVersion "1"]
[SourceVersionDate "2010.05.04"]
[SourceQuality "1"]

1. e4 c5 2. Nf3 e6 3. c4 a6 4. Nc3 Qc7 5. b3 b6 6. Bb2 Bb7 7. g3 Nf6 8. Qe2 Nc6 9. Bg2 d6 10. 0-0 Be7 11. Rac1 Nd7 12. Nd5 exd5 13. cxd5 Nce5 14. Nd4 Bf6 15. f4 Ng6 16. e5 dxe5 17. d6 Qc8 18. fxe5 Ndxe5 19. Nf5 Bxg2 20. Kxg2 Qb7+ 21. Kh3 0-0 22. d4 cxd4 23. Rc7 Qd5 24. Bxd4 Rfe8 25. Bxb6 Nd7 26. Qf2 Nxb6 27. Qxb6 Bd8 28. Qc6 Qxc6 29. Rxc6 Ne5 30. Rc2 g6 31. Ne3 Re6 32. Rd2 Bg5 0-1

[Event "Cappelle op 26th"]
[Site "Cappelle la Grande"]
[Date "2010.02.17"]
[Round "6"]
[White "Rivas Pastor, Manuel"]
[Black "Hammer, Jon Ludvig"]
[Result "1/2-1/2"]
[WhiteElo "2531"]
[BlackElo "2627"]
[PlyCount "79"]
[EventDate "2010.02.13"]
[EventType "swiss"]
[EventRounds "9"]
[EventCountry "FRA"]
[SourceTitle "CBM 134 Extra"]
[Source "ChessBase"]
[SourceDate "2010.03.03"]
[SourceVersion "1"]
[SourceVersionDate "2010.03.03"]
[SourceQuality "1"]

1. e4 c5 2. Nf3 e6 3. c3 d5 4. e5 Nc6 5. g3 d4 6. d3 Nge7 7. Qe2 Ng6 8. Bg2 Qc7 9. Bf4 Be7 10. cxd4 Nxf4 11. gxf4 Qa5+ 12. Nbd2 Qb4 13. 0-0 Nxd4 14. Nxd4 Qxd4 15. Ne4 Bd7 16. Rfc1 Bb5 17. Qe3 Rd8 18. Nxc5 Bxc5 19. Rxc5 Qxb2 20. Qc1 Qxc1+ 21. Raxc1 Bxd3 22. Rc7 0-0 23. Rxb7 a6 24. Ra7 Bb5 25. Be4 Rd4 26. f3 g6 27. Rac7 Rfd8 28. R1c2 Bd3 29. Bxd3 Rxd3 30. Kf2 Ra3 31. Kg3 Rdd3 32. Rf2 Rd1 33. Rb2 Rf1 34. Rb3 Rxb3 35. axb3 Rg1+ 36. Kf2 Rb1 37. Ra7 Rxb3 38. Rxa6 h5 39. h4 Rc3 40. Ke1 1/2-1/2

[Event "Cappelle op 26th"]
[Site "Cappelle la Grande"]
[Date "2010.02.15"]
[Round "4"]
[White "Rivas Pastor, Manuel"]
[Black "Kryvoruchko, Yuriy"]
[Result "1/2-1/2"]
[WhiteElo "2531"]
[BlackElo "2598"]
[PlyCount "46"]
[EventDate "2010.02.13"]
[EventType "swiss"]
[EventRounds "9"]
[EventCountry "FRA"]
[SourceTitle "CBM 134 Extra"]
[Source "ChessBase"]
[SourceDate "2010.03.03"]
[SourceVersion "1"]
[SourceVersionDate "2010.03.03"]
[SourceQuality "1"]

1. d4 d5 2. c4 c6 3. cxd5 cxd5 4. Nc3 Nc6 5. Bf4 Nf6 6. e3 Bf5 7. Bd3 Bxd3 8. Qxd3 e6 9. Nf3 Bd6 10. Bxd6 Qxd6 11. 0-0 0-0 12. Rfc1 Rfc8 13. a3 Nd7 14. Rc2 Nb6 15. Rac1 a6 16. Nb1 Ne7 17. Rxc8+ Rxc8 18. Rxc8+ Nbxc8 19. Qc2 Qc6 20. Qxc6 Nxc6 21. Kf1 Nd6 22. Ke2 f6 23. Ne1 Kf7 1/2-1/2

[Event "Jaen 20th op"]
[Site "Jaen"]
[Date "2010.01.31"]
[Round "7.4"]
[White "Dolezal, Cristian"]
[Black "Rivas Pastor, Manuel"]
[Result "0-1"]
[WhiteElo "2405"]
[BlackElo "2531"]
[PlyCount "74"]
[EventDate "2010.01.31"]
[EventType "swiss (rapid)"]
[EventCountry "ESP"]
[SourceTitle "EXT 2024"]
[Source "ChessBase"]
[SourceDate "2023.10.10"]
[SourceVersion "1"]
[SourceVersionDate "2023.10.10"]
[SourceQuality "1"]

1. e4 e5 2. Nf3 Nc6 3. Nc3 Nf6 4. a3 g6 5. d4 exd4 6. Nxd4 Bg7 7. Nxc6 bxc6 8. Be2 0-0 9. 0-0 Re8 10. Bf3 d6 11. Re1 Nd7 12. g3 Ne5 13. Bg2 Bg4 14. f3 Be6 15. Ne2 Qb8 16. Nd4 Qb6 17. c3 Bc4 18. Bf1 c5 19. Nc2 Bb3 20. Kg2 Rad8 21. Qe2 Bc4 22. Qf2 Bxf1+ 23. Rxf1 Nd3 24. Qd2 Nxc1 25. Qxc1 d5 26. exd5 Rxd5 27. Rf2 c4 28. a4 Rde5 29. Nd4 c5 30. Nb5 a6 31. Na3 Qe6 32. Qf4 Re2 33. Raf1 Qd5 34. Qxc4 Qd2 35. Qb3 Qd3 36. Nc4 Bd4 37. Qd1 Ra8 0-1

[Event "Seville op 35th"]
[Site "Seville"]
[Date "2010.01.13"]
[Round "6"]
[White "Urbina Perez, Juan Antonio"]
[Black "Rivas Pastor, Manuel"]
[Result "0-1"]
[WhiteElo "2197"]
[BlackElo "2531"]
[PlyCount "126"]
[EventDate "2010.01.08"]
[EventType "swiss"]
[EventRounds "9"]
[EventCountry "ESP"]
[SourceTitle "CBM 134 Extra"]
[Source "ChessBase"]
[SourceDate "2010.03.03"]
[SourceVersion "1"]
[SourceVersionDate "2010.03.03"]
[SourceQuality "1"]

1. e4 d6 2. d4 Nf6 3. Nc3 c6 4. a4 e5 5. Nf3 Qc7 6. h3 Be7 7. Bc4 0-0 8. 0-0 a5 9. Qe2 Na6 10. Rd1 Nb4 11. Bg5 h6 12. Bxf6 Bxf6 13. dxe5 dxe5 14. Rd2 Rd8 15. Rxd8+ Qxd8 16. Nd1 Na6 17. Bxa6 Rxa6 18. Ne3 Ra8 19. Ng4 Bxg4 20. hxg4 Qb6 21. b3 Qb4 22. Qe1 Qc5 23. c4 Qe7 24. Rd1 Qe6 25. Nh2 Be7 26. Qe2 Bc5 27. Nf1 g6 28. Rd3 Kg7 29. Nh2 Rh8 30. Rh3 Rd8 31. Rd3 Bd4 32. g3 Rh8 33. Nf3 c5 34. Kg2 h5 35. gxh5 Rxh5 36. Nh4 Qf6 37. Qf3 Qg5 38. Kf1 Rh8 39. Rd1 Rd8 40. Ke2 Rd6 41. Qd3 Rf6 42. Nf3 Qh5 43. Rg1 Kf8 44. g4 Qh8 45. Rg3 Rf4 46. g5 Ke7 47. Rg2 Qh1 48. Rg1 Qh3 49. Rg3 Qc8 50. Rg2 Qc6 51. Nd2 Qd7 52. Qg3 Bb2 53. Qd3 Qd4 54. Qxd4 cxd4 55. c5 Bc3 56. Nc4 Rxe4+ 57. Kd3 Re1 58. Nd6 Ke6 59. f3 Re3+ 60. Kc4 b6 61. Rf2 bxc5 62. Nb7 Bb4 63. Nd8+ Ke7 0-1

[Event "Seville op 35th"]
[Site "Seville"]
[Date "2010.01.12"]
[Round "5"]
[White "Rivas Pastor, Manuel"]
[Black "Burmakin, Vladimir"]
[Result "0-1"]
[WhiteElo "2531"]
[BlackElo "2590"]
[PlyCount "52"]
[EventDate "2010.01.08"]
[EventType "swiss"]
[EventRounds "9"]
[EventCountry "ESP"]
[SourceTitle "CBM 134 Extra"]
[Source "ChessBase"]
[SourceDate "2010.03.03"]
[SourceVersion "1"]
[SourceVersionDate "2010.03.03"]
[SourceQuality "1"]

1. e4 c6 2. d4 d5 3. Nd2 g6 4. e5 Bg7 5. Bd3 c5 6. c3 Nc6 7. Ne2 Nh6 8. h3 cxd4 9. cxd4 f6 10. exf6 exf6 11. 0-0 0-0 12. Re1 Nf7 13. Nb3 f5 14. Bf4 a5 15. a4 g5 16. Bh2 f4 17. Nc3 Nb4 18. Bb1 Ra6 19. Nc5 Rh6 20. Nd3 Nc6 21. Ba2 Nxd4 22. Bxd5 Rd6 23. Be4 Bf5 24. Rb1 Bxe4 25. Nxe4 Rc6 26. Rc1 f3 0-1

[Event "Seville op 35th"]
[Site "Seville"]
[Date "2010.01.08"]
[Round "1"]
[White "Rivas Pastor, Manuel"]
[Black "Ballesteros Borondo, Victor"]
[Result "1-0"]
[WhiteElo "2531"]
[BlackElo "1887"]
[PlyCount "47"]
[EventDate "2010.01.08"]
[EventType "swiss"]
[EventRounds "9"]
[EventCountry "ESP"]
[SourceTitle "CBM 134 Extra"]
[Source "ChessBase"]
[SourceDate "2010.03.03"]
[SourceVersion "1"]
[SourceVersionDate "2010.03.03"]
[SourceQuality "1"]

1. g3 Nf6 2. Bg2 d5 3. d3 g6 4. Nd2 Bg7 5. e4 dxe4 6. dxe4 e5 7. Ngf3 Nc6 8. 0-0 0-0 9. b3 Be6 10. Bb2 Nd7 11. Qe2 Nd4 12. Nxd4 exd4 13. Nc4 b5 14. Na5 d3 15. cxd3 c5 16. b4 cxb4 17. Nc6 Qg5 18. Bxg7 Kxg7 19. Qb2+ f6 20. Qxb4 Qc5 21. Qxc5 Nxc5 22. d4 Bc4 23. dxc5 Bxf1 24. Kxf1 1-0